<?xml version="1.0" encoding="UTF-8"?>
<collection xmlns:xsi="http://www.w3.org/2001/XMLSchema-instance" xsi:schemaLocation="http://www.loc.gov/MARC21/slim http://www.loc.gov/standards/marcxml/schema/MARC21slim.xsd" xmlns="http://www.loc.gov/MARC21/slim">
 <record>
  <leader>00000nam a22000008i 4500</leader>
  <controlfield tag="001">UP-1685954869149723266</controlfield>
  <controlfield tag="003">Buklod</controlfield>
  <controlfield tag="005">20240306120047.0</controlfield>
  <controlfield tag="006">m     |  | |      </controlfield>
  <controlfield tag="007">ta</controlfield>
  <controlfield tag="008">240306s2023    enk   a r   b|001 0|eng d</controlfield>
  <datafield tag="020" ind1=" " ind2=" ">
   <subfield code="a">9781032137360 (paperback)</subfield>
  </datafield>
  <datafield tag="035" ind1=" " ind2=" ">
   <subfield code="a">22369115</subfield>
  </datafield>
  <datafield tag="037" ind1=" " ind2=" ">
   <subfield code="a">BC-74683</subfield>
   <subfield code="b">SERV Enterprises</subfield>
   <subfield code="c">PhP 4,693.00</subfield>
   <subfield code="n">Department of Language, Literature, and the Arts</subfield>
  </datafield>
  <datafield tag="040" ind1=" " ind2=" ">
   <subfield code="a">DLC</subfield>
   <subfield code="d">BAG</subfield>
   <subfield code="e">rda</subfield>
  </datafield>
  <datafield tag="041" ind1="0" ind2=" ">
   <subfield code="a">eng</subfield>
  </datafield>
  <datafield tag="090" ind1=" " ind2="0">
   <subfield code="a">N 72 H58</subfield>
   <subfield code="b">O33 2023</subfield>
  </datafield>
  <datafield tag="100" ind1="1" ind2=" ">
   <subfield code="a">O'Kane, Paul</subfield>
   <subfield code="e">author.</subfield>
  </datafield>
  <datafield tag="245" ind1="1" ind2="0">
   <subfield code="a">History in contemporary art and culture</subfield>
   <subfield code="c">Paul O'Kane.</subfield>
  </datafield>
  <datafield tag="264" ind1=" " ind2="1">
   <subfield code="a">Abingdon, Oxon, [England]</subfield>
   <subfield code="b">Routledge, an imprint of the Taylor &amp; Francis Group</subfield>
   <subfield code="c">2023.</subfield>
  </datafield>
  <datafield tag="300" ind1=" " ind2=" ">
   <subfield code="a">xi, 246 pages</subfield>
   <subfield code="b">illustrations</subfield>
   <subfield code="c">24 cm</subfield>
  </datafield>
  <datafield tag="336" ind1=" " ind2=" ">
   <subfield code="a">text</subfield>
   <subfield code="2">rdacontent</subfield>
  </datafield>
  <datafield tag="337" ind1=" " ind2=" ">
   <subfield code="a">unmediated</subfield>
   <subfield code="2">rdamedia</subfield>
  </datafield>
  <datafield tag="338" ind1=" " ind2=" ">
   <subfield code="a">volume</subfield>
   <subfield code="2">rdacarrier</subfield>
  </datafield>
  <datafield tag="504" ind1=" " ind2=" ">
   <subfield code="a">Includes bibliographical references and index.</subfield>
  </datafield>
  <datafield tag="520" ind1=" " ind2=" ">
   <subfield code="a">&quot;This unique book offers guidance for Contemporary Art practices in dialogue with history, story, memory and tradition. Artist and Lecturer Paul O'Kane uses innovative and creative means, informed by a storytelling tradition as well as academic research, to make connections between contemporary art, history and the past. The aim of this book is to give readers a sense of the profundity of historical questions, while making the challenge inviting, welcoming and manageable. It is designed to set out an expansive, inclusive and diverse range of potential directions and speculations, from which students can develop personal paths of enquiry. This is achieved by writing and designing the text in an accessible way and providing a range of 'ways-in': series of carefully chosen references, examples, key texts and possible essay questions are chosen and pitched at various levels and can be close-read, discussed, digested, and responded-to either verbally or in the form of a presentation or essay. Written for a broad range of fine arts students, this book encourages readers to reconsider their studies and art practices in light of a historical perspective enhanced by creative contributions from artists, imaginative philosophers and influential cultural commentators&quot;--Provided by publisher.</subfield>
  </datafield>
  <datafield tag="650" ind1=" " ind2="0">
   <subfield code="a">Art and history.</subfield>
  </datafield>
  <datafield tag="650" ind1=" " ind2="0">
   <subfield code="a">Arts, Modern</subfield>
   <subfield code="y">21st century</subfield>
   <subfield code="x">Themes, motives.</subfield>
  </datafield>
  <datafield tag="905" ind1=" " ind2=" ">
   <subfield code="a">FO</subfield>
  </datafield>
  <datafield tag="852" ind1="0" ind2=" ">
   <subfield code="a">UPBAG</subfield>
   <subfield code="b">UPBAG-MAIN</subfield>
   <subfield code="h">N 72 H58</subfield>
   <subfield code="i">O33 2023</subfield>
  </datafield>
  <datafield tag="942" ind1=" " ind2=" ">
   <subfield code="a">Book</subfield>
  </datafield>
 </record>
</collection>
